Gertrude Blom (Record no. 9116)
[ view plain ]
| 000 -CABECERA | |
|---|---|
| campo de control de longitud fija | 00915nam a2200277 a 4500 |
| 001 - NÚMERO DE CONTROL | |
| campo de control | BRL_303 |
| 005 - FECHA Y HORA DE LA ÚLTIMA TRANSACCIÓN | |
| campo de control | 20190320210658.0 |
| 008 - DATOS DE LONGITUD FIJA--INFORMACIÓN GENERAL | |
| campo de control de longitud fija | 230713s1985----u--o######---#000-0#enk-# |
| 020 ## - NÚMERO INTERNACIONAL ESTÁNDAR DEL LIBRO | |
| Número Internacional Estándar del Libro | 0807815977 |
| 041 ## - CÓDIGO DE LENGUA | |
| Código de lengua del texto/banda sonora o título independiente | eng |
| 044 ## - CÓDIGO DEL PAÍS DE LA ENTIDAD EDITORA/PRODUCTORA | |
| Código MARC del país | u |
| 050 #4 - SIGNATURA TOPOGRÁFICA DE LA BIBLIOTECA DEL CONGRESO | |
| Número de clasificación | TR820.5 |
| Número de documento/Ítem | .B59 1985 |
| 100 1# - ENTRADA PRINCIPAL--NOMBRE DE PERSONA | |
| Nombre de persona | Blom, Gertrude Duby |
| 9 (RLIN) | 23495 |
| 245 10 - MENCIÓN DE TÍTULO | |
| Título | Gertrude Blom |
| Resto del título | Bearing Witness |
| Mención de responsabilidad, etc. | edited by Alex Harris and Margaret Sartor. |
| 260 ## - PUBLICACIÓN, DISTRIBUCIÓN, ETC. | |
| Lugar de publicación, distribución, etc. | [London] |
| Nombre del editor, distribuidor, etc. | Center for Documentary Photography, Duke University |
| Fecha de publicación, distribución, etc. | 1985 |
| 300 ## - DESCRIPCIÓN FÍSICA | |
| Extensión | ix, 150 p. |
| Otras características físicas | il. |
| Dimensiones | 29 cm. |
| 500 ## - NOTA GENERAL | |
| Nota general | Au2114 |
| 504 ## - NOTA DE BIBLIOGRAFÍA, ETC. | |
| Nota de bibliografía, etc. | Bibliografía : p. 149-150 |
| 505 0# - NOTA DE CONTENIDO CON FORMATO | |
| Nota de contenido con formato | Incluye dedicatoria para él : [Sr. Arnold Deutsch con muchas gracias en favor de mi salud Gertrude Duby Blom ] |
| 650 14 - PUNTO DE ACCESO ADICIONAL DE MATERIA--TÉRMINO DE MATERIA | |
| Término de materia o nombre geográfico como elemento de entrada | Documentales |
| Término indicativo de función/relación | Fotografías |
| 9 (RLIN) | 23496 |
| 650 14 - PUNTO DE ACCESO ADICIONAL DE MATERIA--TÉRMINO DE MATERIA | |
| Término de materia o nombre geográfico como elemento de entrada | Mayas |
| Subdivisión general | Historia |
| 9 (RLIN) | 23497 |
| 700 1# - PUNTO DE ACCESO ADICIONAL--NOMBRE DE PERSONA | |
| Nombre de persona | Harris, Alex |
| 9 (RLIN) | 23498 |
| 700 1# - PUNTO DE ACCESO ADICIONAL--NOMBRE DE PERSONA | |
| Nombre de persona | Sartor, Margaret |
| 9 (RLIN) | 23499 |
| 902 ## - CATALOGADOR | |
| Iniciales | GRL |
| 942 ## - ELEMENTOS DE PUNTO DE ACCESO ADICIONAL (KOHA) | |
| Fuente del sistema de clasificación o colocación | Library of Congress Classification |
| Tipo de ítem Koha | Libros |
| Estado de retiro | Estado de pérdida | Estado dañado | No para préstamo | Localización permanente | Ubicación/localización actual | Fecha de adquisición | Número de inventario | Total de préstamos | Signatura topográfica completa | Código de barras | Fecha visto por última vez | Precio válido a partir de | Tipo de ítem Koha |
|---|---|---|---|---|---|---|---|---|---|---|---|---|---|
| El ejemplar forma parte de la colección y puede ser consultado según las políticas vigentes. | Biblioteca Centro de Estudios Ruth D. Lechuga | Biblioteca Centro de Estudios Ruth D. Lechuga | 23/07/2013 | Au2114 | TR820.5 .B59 1985 (Au2114) | GRL00319 | 22/03/2019 | 22/03/2019 | Libros |